[Event "Quebec-ch 1/2 final"]
[Site "Montreal CAN"]
[Date "2002.06.09"]
[Round "5"]
[White "Fortier, Marc-Andre"]
[Black "Singher, Jean-Pierre"]
[Result "1-0"]
[WhiteElo "2176"]
[BlackElo "1981"]
[PlyCount "97"]
[EventDate "2002.06.07"]
[EventType "swiss"]
[EventRounds "5"]
[EventCountry "CAN"]

1. e4 e6 2. d4 d5 3. exd5 exd5 4. c4 c6 5. Nc3 Nf6 6. Bg5 Be7 7. c5 O-O 8. Bd3
b6 9. b4 a5 10. a3 axb4 11. axb4 Rxa1 12. Qxa1 bxc5 13. bxc5 Ne4 14. Bxe7 Qxe7
15. Nge2 Ba6 16. Bxa6 Nxc3 17. Qxc3 Nxa6 18. Qe3 Qxe3 19. fxe3 Nc7 20. Nc3 Rb8
21. Kd2 Rb2+ 22. Kd3 Rxg2 23. Rb1 Kf8 24. Rb7 Ne8 25. Rb6 Rg6 26. e4 dxe4+ 27.
Nxe4 f5 28. Nd2 Ke7 29. Nf3 Kd8 30. Ne5 Re6 31. Rxc6 Rxc6 32. Nxc6+ Kc7 33. d5
Nf6 34. Kd4 Ng4 35. h3 Nf2 36. h4 Ne4 37. Ne5 g6 38. Nf7 Kd7 39. d6 Nf6 40. Ng5
h6 41. Nf7 g5 42. hxg5 hxg5 43. Nxg5 f4 44. Ke5 Ne8 45. Nf3 Ng7 46. Kd5 Nf5 47.
c6+ Kc8 48. Nd4 Ne3+ 49. Ke4 1-0

[Event "Quebec-ch 1/2 final"]
[Site "Montreal CAN"]
[Date "2002.06.09"]
[Round "5"]
[White "Masse, Hugues"]
[Black "Chabot, Roland"]
[Result "0-1"]
[WhiteElo "2101"]
[BlackElo "2127"]
[PlyCount "62"]
[EventDate "2002.06.07"]
[EventType "swiss"]
[EventRounds "5"]
[EventCountry "CAN"]

1. e4 c5 2. Nf3 e6 3. d4 cxd4 4. Nxd4 Nf6 5. Nc3 d6 6. Be2 a6 7. O-O Be7 8. f4
Qc7 9. Be3 O-O 10. g4 d5 11. exd5 Nxd5 12. Nxd5 exd5 13. Bd3 Re8 14. Qf3 Nc6
15. Nxc6 bxc6 16. Qh3 g6 17. f5 Bd6 18. Bg5 Be5 19. fxg6 fxg6 20. Bf6 Bxf6 21.
Rxf6 Re6 22. Raf1 Rxf6 23. Rxf6 Qe5 24. Rxc6 Qd4+ 25. Kg2 Bxg4 26. Qg3 Rf8 27.
Rc7 Bf3+ 28. Kh3 Qf6 29. Ra7 g5 30. Qc7 Qh6+ 31. Kg3 Qh4# 0-1

[Event "Quebec-ch 1/2 final"]
[Site "Montreal CAN"]
[Date "2002.06.09"]
[Round "5"]
[White "Ramaswamy, Kishor"]
[Black "Picard, Christian"]
[Result "1-0"]
[WhiteElo "2076"]
[BlackElo "1666"]
[PlyCount "67"]
[EventDate "2002.06.07"]
[EventType "swiss"]
[EventRounds "5"]
[EventCountry "CAN"]

1. d4 Nf6 2. Nf3 g6 3. Bg5 Bg7 4. Nbd2 d6 5. e3 h6 6. Bh4 c5 7. c3 Nc6 8. Bc4
b6 9. O-O O-O 10. a3 Na5 11. Ba2 Ba6 12. Re1 c4 13. e4 Nd7 14. Nf1 b5 15. Ne3
Bb7 16. Nd2 Bf6 17. Bxf6 Nxf6 18. Bb1 e5 19. Ng4 Nxg4 20. Qxg4 Qg5 21. Qxg5
hxg5 22. Bc2 Kg7 23. Rad1 Rh8 24. Nf1 Rh7 25. Rd2 Re8 26. Red1 a6 27. Ne3 Reh8
28. h3 g4 29. Nxg4 Bxe4 30. Bxe4 f5 31. dxe5 fxg4 32. Rxd6 gxh3 33. Rxg6+ Kf7
34. Rd7+ 1-0

[Event "Quebec-ch 1/2 final"]
[Site "Montreal CAN"]
[Date "2002.06.09"]
[Round "5"]
[White "Tomb, Maroun"]
[Black "Moisan-Plante, Marc-Olivier"]
[Result "1-0"]
[WhiteElo "2189"]
[BlackElo "2137"]
[PlyCount "97"]
[EventDate "2002.06.07"]
[EventType "swiss"]
[EventRounds "5"]
[EventCountry "CAN"]

1. a3 Nf6 2. b4 d5 3. Bb2 c6 4. Nf3 a5 5. c4 axb4 6. cxd5 cxd5 7. axb4 Rxa1 8.
Bxa1 Bf5 9. e3 Qb6 10. b5 Nbd7 11. Be2 e6 12. O-O Bd6 13. Nc3 O-O 14. Nh4 Be4
15. d3 Bg6 16. Nxg6 hxg6 17. Qb3 Ra8 18. Bb2 Nc5 19. Qc2 Qc7 20. g3 Nfd7 21.
Rc1 Nb6 22. Nb1 Ra2 23. Nc3 Ra8 24. Bd1 Nca4 25. Nxa4 Qxc2 26. Bxc2 Nxa4 27.
Bxa4 Rxa4 28. Rc8+ Kh7 29. Rd8 Rb4 30. Rxd6 Rxb2 31. Rb6 g5 32. Rxb7 Kg6 33. h3
d4 34. exd4 Rb3 35. b6 Rxd3 36. Rd7 Rb3 37. b7 f5 38. Kf1 Rb2 39. Ke1 Kf6 40.
Kd1 g6 41. Kc1 Rb6 42. Kc2 Rb4 43. Kc3 Rb1 44. Kc4 e5 45. d5 e4 46. Kd4 Rb2 47.
Rc7 Rb4+ 48. Kc5 Rb1 49. Rc6+ 1-0

[Event "Quebec-ch U12"]
[Site "Montreal CAN"]
[Date "2002.03.08"]
[Round "1"]
[White "Jorge, Ivan"]
[Black "Rozybakiyev, Rasul"]
[Result "1/2-1/2"]
[WhiteElo "1143"]
[BlackElo "1037"]
[PlyCount "76"]
[EventDate "2002.03.08"]
[EventType "tourn"]
[EventRounds "5"]
[EventCountry "CAN"]

1. d4 d5 2. Nc3 e6 3. Bf4 a6 4. h3 c5 5. dxc5 Bxc5 6. a3 Nc6 7. e3 Nf6 8. Nf3
O-O 9. Be2 h6 10. O-O Re8 11. Qd2 e5 12. Bh2 d4 13. Nd1 dxe3 14. Nxe3 Qxd2 15.
Nxd2 b5 16. Nb3 Bb6 17. Rad1 Bb7 18. Ng4 Nxg4 19. Bxg4 Rad8 20. Bd7 Re7 21. Bg4
Rxd1 22. Rxd1 Re8 23. Bd7 Rd8 24. Bg4 Rxd1+ 25. Bxd1 f6 26. c3 Kf7 27. Kf1 Ne7
28. f3 Nd5 29. Bg1 Ne3+ 30. Bxe3 Bxe3 31. Ke2 Bb6 32. Bc2 Bd5 33. Nd2 Ke7 34.
Be4 Bxe4 35. Nxe4 Ke6 36. Kd3 Kd5 37. Nd2 a5 38. c4+ Kc5 1/2-1/2

[Event "Quebec-ch U12"]
[Site "Montreal CAN"]
[Date "2002.03.08"]
[Round "1"]
[White "Khaziyeva, Fatima"]
[Black "Clyde, Ryan"]
[Result "0-1"]
[WhiteElo "1009"]
[BlackElo "1208"]
[PlyCount "88"]
[EventDate "2002.03.08"]
[EventType "tourn"]
[EventRounds "5"]
[EventCountry "CAN"]

1. e4 g6 2. Nc3 Bg7 3. Nf3 d6 4. Bc4 e6 5. d4 Ne7 6. Bf4 O-O 7. O-O b6 8. e5
Bb7 9. d5 exd5 10. Bxd5 Bxd5 11. Nxd5 dxe5 12. Nxe7+ Qxe7 13. Re1 Nc6 14. Qd5
Qd6 15. Qxd6 cxd6 16. Bd2 Rfe8 17. c3 e4 18. Ng5 d5 19. Re3 h6 20. Nh3 g5 21.
Rae1 f5 22. f4 g4 23. Nf2 h5 24. g3 Bf8 25. Rc1 Na5 26. b3 Rac8 27. Nd1 Rc7 28.
Nb2 Bc5 29. b4 Bxe3+ 30. Bxe3 Nc4 31. Nxc4 Rxc4 32. Kf1 Rec8 33. Bd4 Rxd4 34.
cxd4 Rxc1+ 35. Kf2 Rc2+ 36. Kf1 Rxa2 37. Ke1 Rxh2 38. Kd1 a5 39. b5 a4 40. Kc1
a3 41. Kb1 h4 42. gxh4 g3 43. Kc1 g2 44. Kd1 g1=Q# 0-1

[Event "Quebec-ch U12"]
[Site "Montreal CAN"]
[Date "2002.03.08"]
[Round "1"]
[White "Nguyen, Liem"]
[Black "Piche, Justin"]
[Result "1-0"]
[WhiteElo "1481"]
[BlackElo "1256"]
[PlyCount "61"]
[EventDate "2002.03.08"]
[EventType "tourn"]
[EventRounds "5"]
[EventCountry "CAN"]

1. e4 e5 2. d4 exd4 3. Qxd4 Nc6 4. Qe3 Nf6 5. Nc3 Bb4 6. Bd2 O-O 7. O-O-O Re8
8. Qg3 Bxc3 9. Bxc3 Rxe4 10. f3 Re8 11. h4 d6 12. h5 h6 13. Qh2 Qe7 14. g4 Nh7
15. Bc4 Qg5+ 16. Bd2 Qf6 17. Bc3 Qg5+ 18. Bd2 Qc5 19. Qf4 Ne5 20. Re1 Bd7 21.
Rxe5 dxe5 22. Qxf7+ Kh8 23. Bd3 Be6 24. Qg6 Nf8 25. Qe4 Qd5 26. g5 Qxa2 27. Kd1
Bd5 28. Qf5 hxg5 29. h6 g6 30. Qf6+ Kh7 31. Qg7# 1-0

[Event "Quebec-ch U12"]
[Site "Montreal CAN"]
[Date "2002.03.09"]
[Round "2"]
[White "Clyde, Ryan"]
[Black "Jorge, Ivan"]
[Result "1-0"]
[WhiteElo "1208"]
[BlackElo "1143"]
[PlyCount "105"]
[EventDate "2002.03.08"]
[EventType "tourn"]
[EventRounds "5"]
[EventCountry "CAN"]

1. Nf3 d5 2. g3 Nf6 3. b3 h6 4. Bb2 e6 5. Bg2 Nc6 6. O-O b6 7. d3 Bb7 8. Nbd2
Bd6 9. Re1 Ne7 10. e4 dxe4 11. Nxe4 Ned5 12. c4 Nb4 13. Nxf6+ gxf6 14. a3 Nc6
15. b4 Rg8 16. b5 Nb8 17. Bc3 Nd7 18. Qc2 Qe7 19. a4 O-O-O 20. a5 Kb8 21. axb6
cxb6 22. Ra2 Nc5 23. d4 Nd7 24. Rea1 Kc7 25. Rxa7 Ra8 26. Nh4 Rxa7 27. Rxa7 Rb8
28. Qe4 f5 29. Qc6+ Kd8 30. Rxb7 Rxb7 31. Qxb7 Ke8 32. Bc6 Qd8 33. Qxd7+ Qxd7
34. Bxd7+ Kxd7 35. Bd2 h5 36. Ng2 Be7 37. h4 Bf6 38. Be3 Kc7 39. Nf4 e5 40.
Nd5+ Kb7 41. Nxf6 exd4 42. Bxd4 f4 43. Nxh5 fxg3 44. fxg3 Kc7 45. Nf6 Kb7 46.
h5 Kc7 47. h6 Kb7 48. h7 Kc7 49. h8=Q Kb7 50. Qg7 Ka8 51. Qxf7 Kb8 52. Bxb6 Ka8
53. Qa7# 1-0

[Event "Quebec-ch U12"]
[Site "Montreal CAN"]
[Date "2002.03.09"]
[Round "2"]
[White "Nguyen, Liem"]
[Black "Khaziyeva, Fatima"]
[Result "1-0"]
[WhiteElo "1481"]
[BlackElo "1009"]
[PlyCount "75"]
[EventDate "2002.03.08"]
[EventType "tourn"]
[EventRounds "5"]
[EventCountry "CAN"]

1. e4 d5 2. exd5 Nf6 3. Nf3 c6 4. Nc3 cxd5 5. d4 Nc6 6. Bb5 a6 7. Ba4 Bd7 8.
O-O e6 9. Re1 Bb4 10. Bb3 O-O 11. Bf4 Bxc3 12. bxc3 Re8 13. Ne5 Nxe5 14. Bxe5
Rc8 15. Qf3 Ne4 16. c4 Bc6 17. cxd5 Bxd5 18. Rxe4 Bxe4 19. Qxe4 Rc6 20. Ba4 f5
21. Qf3 b5 22. Bxb5 Rxc2 23. Bxe8 Qxe8 24. Qb3 Qc6 25. Qb8+ Kf7 26. Qa7+ Kg6
27. Qxg7+ Kh5 28. Qxh7+ Kg5 29. h4+ Kg4 30. f3+ Qxf3 31. gxf3+ Kxf3 32. Qh5+
Ke3 33. Re1+ Kd2 34. Qe2+ Kc3 35. d5+ Kb4 36. Qxc2 exd5 37. Qb3+ Ka5 38. Bc7#
1-0

[Event "Quebec-ch U12"]
[Site "Montreal CAN"]
[Date "2002.03.09"]
[Round "2"]
[White "Piche, Justin"]
[Black "Rozybakiyev, Rasul"]
[Result "0-1"]
[WhiteElo "1256"]
[BlackElo "1037"]
[PlyCount "148"]
[EventDate "2002.03.08"]
[EventType "tourn"]
[EventRounds "5"]
[EventCountry "CAN"]

1. e4 c5 2. Nf3 d6 3. Bc4 h6 4. Nc3 Nf6 5. d4 cxd4 6. Qxd4 Nc6 7. Qd1 g6 8. O-O
Bg7 9. Re1 O-O 10. Nd5 Nxd5 11. Qxd5 Be6 12. Qb5 Bxc4 13. Qxc4 a6 14. c3 Rc8
15. Qb3 b5 16. Be3 Na5 17. Qa3 Ra8 18. Bd4 Bxd4 19. cxd4 e6 20. Qc3 Rc8 21. Qe3
Kg7 22. b3 Qb6 23. Rac1 Rxc1 24. Rxc1 Nc6 25. Qc3 Ne7 26. b4 Ra8 27. e5 d5 28.
Nh4 Rc8 29. Qd2 Rxc1+ 30. Qxc1 Qxd4 31. Nf3 Qxb4 32. a3 Qc4 33. Qd2 Qb3 34. Qc1
a5 35. h3 b4 36. Nd2 Qc3 37. Qxc3 bxc3 38. Nb3 a4 39. Nc1 f6 40. f4 fxe5 41.
fxe5 Nc6 42. Nd3 g5 43. g4 Kg6 44. Kf2 h5 45. Ke3 hxg4 46. hxg4 Kf7 47. Nc5
Nxe5 48. Nxa4 Nc4+ 49. Kd3 Nxa3 50. Kxc3 Nc4 51. Kd4 Kf6 52. Nc5 Ne5 53. Ke3
Nxg4+ 54. Kf3 Ne5+ 55. Ke3 Kf5 56. Nb3 Nc4+ 57. Kf3 g4+ 58. Kg2 Kg5 59. Nd4 e5
60. Nb5 Kf6 61. Nc7 Ne3+ 62. Kf2 d4 63. Nb5 Kg5 64. Nd6 Kf4 65. Nb5 d3 66. Nc3
g3+ 67. Ke1 Kf3 68. Nb1 Kg2 69. Nd2 Kh1 70. Nf3 e4 71. Nh4 g2 72. Nxg2 Kxg2 73.
Kd2 Kf2 74. Kc1 Ke1 0-1

[Event "Quebec-ch U12"]
[Site "Montreal CAN"]
[Date "2002.03.09"]
[Round "3"]
[White "Jorge, Ivan"]
[Black "Nguyen, Liem"]
[Result "0-1"]
[WhiteElo "1143"]
[BlackElo "1481"]
[PlyCount "124"]
[EventDate "2002.03.08"]
[EventType "tourn"]
[EventRounds "5"]
[EventCountry "CAN"]

1. d4 Nf6 2. Nc3 g6 3. h3 Bg7 4. Bf4 d6 5. e3 O-O 6. Nf3 Nbd7 7. Bc4 Qe8 8. O-O
e5 9. dxe5 dxe5 10. Bh2 a6 11. a3 b5 12. Ba2 Bb7 13. Qe2 Ne4 14. Nxe4 Bxe4 15.
c3 Nc5 16. Bb1 Bxf3 17. gxf3 Qd7 18. Kg2 Rad8 19. Bc2 Qd2 20. Qd1 Rfe8 21. Kg1
Bh6 22. Qxd2 Rxd2 23. Rfc1 f6 24. Kf1 Bxe3 25. fxe3 Rxh2 26. Rab1 Rxh3 27. Kg2
Rh4 28. Kg3 Rc4 29. Rd1 Ne6 30. Bb3 Rc6 31. Bd5 Rd6 32. Be4 Red8 33. Bc2 Kg7
34. Bb3 Rxd1 35. Rxd1 Rxd1 36. Bxd1 Nc5 37. Bc2 f5 38. Kg2 Kf6 39. Kf2 Kg5 40.
Kg3 Kf6 41. Kf2 g5 42. b4 Na4 43. Bxa4 bxa4 44. c4 c6 45. Ke2 h5 46. Kf2 g4 47.
fxg4 fxg4 48. Kg3 Kf5 49. Kf2 h4 50. Kg2 Ke4 51. Kf2 h3 52. Kg3 Kxe3 53. Kh2
Kf2 54. Kh1 h2 55. Kxh2 g3+ 56. Kh3 g2 57. Kh4 g1=Q 58. Kh5 Kf3 59. Kh6 Kf4 60.
Kh7 Kf5 61. Kh8 Kf6 62. Kh7 Qg7# 0-1

[Event "Quebec-ch U12"]
[Site "Montreal CAN"]
[Date "2002.03.09"]
[Round "3"]
[White "Khaziyeva, Fatima"]
[Black "Piche, Justin"]
[Result "0-1"]
[WhiteElo "1009"]
[BlackElo "1256"]
[PlyCount "60"]
[EventDate "2002.03.08"]
[EventType "tourn"]
[EventRounds "5"]
[EventCountry "CAN"]

1. e4 e5 2. Nf3 Nc6 3. d4 exd4 4. c3 dxc3 5. Nxc3 Bc5 6. Bc4 Nf6 7. e5 Ng4 8.
Ng5 Nxf2 9. Bxf7+ Kf8 10. Rf1 Nxd1 11. Be6+ Nf2 12. Nce4 Ke7 13. Nh3 Nd3+ 14.
Ke2 Nxc1+ 15. Raxc1 Nd4+ 16. Kd1 Nxe6 17. Nxc5 Nxc5 18. Rxc5 b6 19. Rc2 Rf8 20.
Rff2 Ba6 21. Rc3 Rxf2 22. Nxf2 Qf8 23. Rf3 Qg8 24. Nh3 Qxa2 25. Ra3 Qb1+ 26.
Kd2 Qxb2+ 27. Kd1 Qxa3 28. Kd2 Rf8 29. Ke1 Qa2 30. Kd1 Rf1# 0-1

[Event "Quebec-ch U12"]
[Site "Montreal CAN"]
[Date "2002.03.09"]
[Round "3"]
[White "Rozybakiyev, Rasul"]
[Black "Clyde, Ryan"]
[Result "1/2-1/2"]
[WhiteElo "1037"]
[BlackElo "1208"]
[PlyCount "134"]
[EventDate "2002.03.08"]
[EventType "tourn"]
[EventRounds "5"]
[EventCountry "CAN"]

1. e4 g6 2. d4 Bg7 3. Nf3 d6 4. h3 b6 5. Nc3 Bb7 6. Bc4 e6 7. O-O Ne7 8. Re1
O-O 9. Bf4 Nd7 10. e5 d5 11. Bd3 c5 12. Nb5 c4 13. Bf1 Bc6 14. Nd6 Nc8 15. Bg5
Qc7 16. Nxc8 Qxc8 17. Be7 Re8 18. Bd6 Bf8 19. Bxf8 Rxf8 20. b3 b5 21. Qd2 Kg7
22. Qf4 h6 23. Qg3 Qd8 24. Be2 a5 25. h4 h5 26. Ng5 Rh8 27. Rac1 a4 28. Qf4 Qe7
29. Qg3 Kf8 30. Bf1 Ke8 31. Ra1 Kd8 32. Qf4 Rf8 33. Nh7 Rg8 34. Ng5 Rg7 35. g3
Kc7 36. Bg2 Kb7 37. Reb1 Kc7 38. Kh2 Qf8 39. Bh3 Qg8 40. Bg2 Nf8 41. Qf6 Nd7
42. Qf4 Nf8 43. Qf6 Kd7 44. Qf4 Nh7 45. Nxh7 Rxh7 46. bxc4 bxc4 47. Rb4 Qg7 48.
Rab1 Rhh8 49. Qg5 Qf8 50. c3 Qd8 51. Qf4 Qf8 52. Qd2 Kc7 53. Rb6 Qc8 54. Qg5
Qd8 55. Qf4 Qe7 56. Qc1 Rhb8 57. Rxb8 Rxb8 58. Rxb8 Kxb8 59. Qb2+ Qb7 60. Qa3
Be8 61. Qd6+ Qc7 62. Qxc7+ Kxc7 63. a3 Kd7 64. Bh3 Ke7 65. f4 f6 66. Kg2 Kf7
67. Kf3 f5 1/2-1/2

[Event "Quebec-ch U12"]
[Site "Montreal CAN"]
[Date "2002.03.10"]
[Round "4"]
[White "Khaziyeva, Fatima"]
[Black "Jorge, Ivan"]
[Result "1-0"]
[WhiteElo "1009"]
[BlackElo "1143"]
[PlyCount "63"]
[EventDate "2002.03.08"]
[EventType "tourn"]
[EventRounds "5"]
[EventCountry "CAN"]

1. e4 e5 2. Nf3 Nf6 3. d4 exd4 4. c3 dxc3 5. Nxc3 Bc5 6. Bc4 h6 7. O-O O-O 8.
e5 Nh7 9. Qb3 a6 10. Ne4 Bb6 11. Qc3 Nc6 12. b4 Re8 13. Bb2 Re7 14. Nh4 Bd4 15.
Qc2 Rxe5 16. Rad1 Bxb2 17. Qxb2 Rxe4 18. Bxf7+ Kxf7 19. Qb3+ Re6 20. Rfe1 g5
21. Rxe6 gxh4 22. Rxc6+ Kf8 23. Qf3+ Kg8 24. Rg6+ Kh8 25. Qc3+ Qf6 26. Rxf6
Nxf6 27. Qxf6+ Kh7 28. Rd4 d6 29. Qf7+ Kh8 30. Rxh4 Bf5 31. Rxh6+ Bh7 32. Qxh7#
1-0

[Event "Quebec-ch U12"]
[Site "Montreal CAN"]
[Date "2002.03.10"]
[Round "4"]
[White "Nguyen, Liem"]
[Black "Rozybakiyev, Rasul"]
[Result "1-0"]
[WhiteElo "1481"]
[BlackElo "1037"]
[PlyCount "121"]
[EventDate "2002.03.08"]
[EventType "tourn"]
[EventRounds "5"]
[EventCountry "CAN"]

1. e4 c5 2. Nf3 d6 3. d4 cxd4 4. Nxd4 Nf6 5. Nc3 g6 6. Be3 Bg7 7. f3 O-O 8. Qd2
Nc6 9. O-O-O Bd7 10. g4 Nxd4 11. Bxd4 a6 12. h4 Rc8 13. h5 h6 14. Bxf6 exf6 15.
Qxd6 Be6 16. hxg6 Qxd6 17. gxf7+ Bxf7 18. Rxd6 Rc7 19. Nd5 Bxd5 20. Rxd5 Rfc8
21. Rh2 Rc6 22. Rhd2 Kh7 23. Rd8 R8c7 24. R8d7 b5 25. Rxc7 Rxc7 26. Rd6 Ra7 27.
a4 b4 28. Rxa6 Rb7 29. Bd3 Kg8 30. Ra8+ Kf7 31. a5 Ke7 32. Ba6 Rc7 33. Rb8 Kd6
34. Rxb4 Ra7 35. Rb6+ Kc5 36. b4+ Kd4 37. Be2 Ke3 38. Bd1 Kd4 39. Rc6 Ke5 40.
a6 Bf8 41. b5 Bd6 42. Be2 Ba3+ 43. Kb1 Be7 44. b6 Ra8 45. b7 Rb8 46. Rb6 Bc5
47. a7 Rxb7 48. Rxb7 Bxa7 49. Rxa7 Kf4 50. c4 Ke5 51. Rd7 Ke6 52. Rd1 Ke5 53.
c5 Ke6 54. c6 Ke5 55. c7 Kf4 56. c8=Q h5 57. Qf5+ Kg3 58. gxh5 Kg2 59. Qg4+ Kh2
60. Bf1 f5 61. Qg2# 1-0

[Event "Quebec-ch U12"]
[Site "Montreal CAN"]
[Date "2002.03.10"]
[Round "4"]
[White "Piche, Justin"]
[Black "Clyde, Ryan"]
[Result "1-0"]
[WhiteElo "1256"]
[BlackElo "1208"]
[PlyCount "95"]
[EventDate "2002.03.08"]
[EventType "tourn"]
[EventRounds "5"]
[EventCountry "CAN"]

1. e4 g6 2. d4 Bg7 3. Nf3 d6 4. Nc3 e6 5. g3 b6 6. Bg2 Bb7 7. O-O Ne7 8. Re1
Nd7 9. Bg5 O-O 10. Rb1 h6 11. Bf4 a6 12. Qd2 Kh7 13. e5 d5 14. a3 c5 15. Be3 c4
16. b3 b5 17. bxc4 dxc4 18. Ng5+ hxg5 19. Bxb7 Ra7 20. Bg2 Bh6 21. d5 Nb6 22.
d6 Nf5 23. Bc5 g4 24. Qd1 Qb8 25. a4 a5 26. Rxb5 Ra6 27. Qb1 Nd7 28. Rxb8 Rxb8
29. Nb5 Nxc5 30. Qa2 Bd2 31. Rd1 c3 32. Qc4 Nb7 33. Qc7 Rf8 34. Qxb7 Raa8 35.
d7 Rab8 36. Qc7 Kg7 37. Nxc3 Nd4 38. Rxd2 Nc6 39. Qxc6 Rfd8 40. Nb5 Kf8 41. Na7
Ra8 42. Qd6+ Kg7 43. Bxa8 Rxa8 44. d8=Q Rxd8 45. Qxd8 Kh7 46. Qf6 Kh6 47. Rd8
Kh5 48. Rh8# 1-0

[Event "Quebec-ch U12"]
[Site "Montreal CAN"]
[Date "2002.03.10"]
[Round "5"]
[White "Clyde, Ryan"]
[Black "Nguyen, Liem"]
[Result "1-0"]
[WhiteElo "1208"]
[BlackElo "1481"]
[PlyCount "161"]
[EventDate "2002.03.08"]
[EventType "tourn"]
[EventRounds "5"]
[EventCountry "CAN"]

1. Nf3 c5 2. b3 d6 3. g3 Nf6 4. Bg2 g6 5. Bb2 Bg7 6. O-O O-O 7. d3 Nc6 8. Nbd2
Bd7 9. c4 Rb8 10. Bc3 a6 11. a3 b5 12. Rb1 b4 13. axb4 cxb4 14. Bb2 a5 15. Ra1
Rb6 16. Nd4 Ra6 17. Nxc6 Bxc6 18. Ra2 Bxg2 19. Kxg2 Qa8+ 20. Kg1 Qc6 21. Qc2
Nd5 22. Bxg7 Kxg7 23. Qb2+ Nf6 24. Ne4 e5 25. Nxf6 Kxf6 26. f4 Qc5+ 27. Kh1 Kg7
28. e4 Re8 29. Qf2 Qxf2 30. Rfxf2 Rea8 31. Ra4 Kf6 32. Kg2 Ke7 33. Kf3 Kd7 34.
Ke3 Ke6 35. g4 f5 36. gxf5+ gxf5 37. exf5+ Kxf5 38. fxe5+ Kxe5 39. Rf7 R8a7 40.
Rxa7 Rxa7 41. d4+ Kf5 42. Kf3 d5 43. c5 Re7 44. c6 Rc7 45. Rxa5 Rxc6 46. Rxd5+
Ke6 47. Rc5 Rxc5 48. dxc5 Kd5 49. c6 Kxc6 50. Ke4 Kc5 51. Ke5 Kc6 52. Kd4 Kb5
53. Kd5 Kb6 54. Kc4 Ka5 55. Kc5 Ka6 56. Kxb4 Kb6 57. Kc4 Kc6 58. h4 h5 59. Kd4
Kb5 60. Ke5 Kb4 61. Kf5 Kxb3 62. Kg5 Kc4 63. Kxh5 Kd5 64. Kg6 Ke6 65. h5 Ke7
66. Kg7 Ke6 67. h6 Kd5 68. h7 Kd4 69. h8=Q Kd3 70. Qh4 Ke3 71. Kf6 Kd3 72. Ke5
Ke3 73. Qe4+ Kd2 74. Qf3 Kc2 75. Qe3 Kb2 76. Qd3 Kc1 77. Qe2 Kb1 78. Qd2 Ka1
79. Kd4 Kb1 80. Kc3 Ka1 81. Qb2# 1-0

[Event "Quebec-ch U12"]
[Site "Montreal CAN"]
[Date "2002.03.10"]
[Round "5"]
[White "Jorge, Ivan"]
[Black "Piche, Justin"]
[Result "1-0"]
[WhiteElo "1143"]
[BlackElo "1256"]
[PlyCount "101"]
[EventDate "2002.03.08"]
[EventType "tourn"]
[EventRounds "5"]
[EventCountry "CAN"]

1. d4 d5 2. Nc3 Nf6 3. h3 Bf5 4. Bf4 e6 5. a3 c5 6. dxc5 Bxc5 7. e3 Qb6 8. Na4
Qa5+ 9. Nc3 Ne4 10. Nge2 Nxc3 11. Nxc3 Qd8 12. Bxb8 Rxb8 13. Bb5+ Ke7 14. Bd3
Bxd3 15. Qxd3 a6 16. O-O Bb6 17. Rac1 Qd6 18. g3 Bc7 19. Qe2 h5 20. f4 Rh6 21.
Kg2 Rbh8 22. Rf3 Ba5 23. Na2 e5 24. Rcf1 f6 25. c3 Bc7 26. Rd1 Qe6 27. Nc1 exf4
28. exf4 Qxe2+ 29. Nxe2 Bb6 30. Rxd5 Rd8 31. Rxd8 Kxd8 32. Rd3+ Ke7 33. Nd4
Bxd4 34. Rxd4 Rh8 35. b4 f5 36. Kf3 Rd8 37. Rxd8 Kxd8 38. Ke3 Kc7 39. Kd4 Kd6
40. Ke3 Kc7 41. Kd4 Kd6 42. c4 Ke6 43. b5 axb5 44. cxb5 Kd7 45. Kc5 Kc7 46. b6+
Kc8 47. Kd6 Kd8 48. Ke6 g6 49. Kf6 Kd7 50. Kxg6 Ke6 51. Kxh5 1-0

[Event "Quebec-ch U12"]
[Site "Montreal CAN"]
[Date "2002.03.10"]
[Round "5"]
[White "Rozybakiyev, Rasul"]
[Black "Khaziyeva, Fatima"]
[Result "1-0"]
[WhiteElo "1037"]
[BlackElo "1009"]
[PlyCount "99"]
[EventDate "2002.03.08"]
[EventType "tourn"]
[EventRounds "5"]
[EventCountry "CAN"]

1. e4 d5 2. exd5 Nf6 3. c4 c6 4. dxc6 Nxc6 5. Nc3 e5 6. h3 Bc5 7. d3 O-O 8. Be2
e4 9. dxe4 Qxd1+ 10. Bxd1 Re8 11. Bc2 Bf5 12. f3 Rad8 13. Nge2 Bg6 14. Rf1 Nb4
15. Bb1 Nd3+ 16. Bxd3 Rxd3 17. Bd2 Be3 18. Bxe3 Rxe3 19. O-O-O a6 20. Nf4 Rb8
21. Rfe1 Rxe1 22. Rxe1 Nd7 23. Nxg6 hxg6 24. Rd1 Ne5 25. b3 b5 26. Rd5 Nc6 27.
cxb5 axb5 28. Rxb5 Rd8 29. Rd5 Rc8 30. Rc5 Kf8 31. Ne2 Ke7 32. Nd4 Kd7 33. Nxc6
Rxc6 34. Rxc6 Kxc6 35. Kc2 f5 36. Kc3 f4 37. Kc4 g5 38. a4 Kb6 39. b4 g6 40.
Kd5 Kc7 41. e5 Kd7 42. e6+ Ke7 43. a5 Ke8 44. a6 Kd8 45. Kd6 Ke8 46. a7 Kf8 47.
a8=Q+ Kg7 48. Ke7 Kh7 49. Kf7 Kh6 50. Qh8# 1-0

[Event "Quebec-ch U14"]
[Site "Montreal CAN"]
[Date "2002.03.08"]
[Round "1"]
[White "Campbell, Martin-Alexandre"]
[Black "Rodriguez, Aaron"]
[Result "0-1"]
[WhiteElo "1279"]
[BlackElo "1550"]
[PlyCount "73"]
[EventDate "2002.03.08"]
[EventType "tourn"]
[EventRounds "5"]
[EventCountry "CAN"]

1. e4 g6 2. Nf3 Bg7 3. d4 d6 4. Nc3 Nf6 5. Bc4 O-O 6. Bf4 Nbd7 7. Qd2 c6 8. h3
b5 9. Bb3 a5 10. a3 Rb8 11. e5 Ne8 12. Ne4 a4 13. Ba2 Rb7 14. Nfg5 dxe5 15.
dxe5 Nc7 16. O-O e6 17. Rfd1 Nd5 18. Bxd5 cxd5 19. h4 h6 20. Nh3 Kh7 21. g4 Nc5
22. Qe3 Nxe4 23. Bh2 Qxh4 24. Kg2 Qe7 25. f3 Nc5 26. Rh1 Rh8 27. g5 h5 28. Nf2
Kg8 29. Qc3 Qc7 30. Rad1 Nd7 31. Qxc7 Rxc7 32. Rd3 Rxc2 33. Bg3 Kf8 34. Rdd1
Rc4 35. Ng4 hxg4 36. Rxh8+ Bxh8 37. Rh1 0-1

[Event "Quebec-ch U14"]
[Site "Montreal CAN"]
[Date "2002.03.08"]
[Round "1"]
[White "Lawson, Jonathan"]
[Black "Mathieu, Jean Phillipe"]
[Result "1/2-1/2"]
[WhiteElo "1587"]
[BlackElo "1655"]
[PlyCount "50"]
[EventDate "2002.03.08"]
[EventType "tourn"]
[EventRounds "5"]
[EventCountry "CAN"]

1. e4 e5 2. Nf3 Nc6 3. Bc4 Bc5 4. c3 Nf6 5. d3 d6 6. Bb3 Bg4 7. O-O Qd7 8. Nbd2
O-O 9. Re1 Kh8 10. Nf1 Ng8 11. h3 Bxf3 12. Qxf3 f5 13. Be3 fxe4 14. Qxe4 Nf6
15. Qh4 Bb6 16. Ng3 Ne7 17. Bxb6 axb6 18. d4 Ng6 19. Qg5 exd4 20. cxd4 d5 21.
Re3 Rae8 22. Rae1 Rxe3 23. Rxe3 c6 24. Bc2 Qf7 25. Rf3 Qe8 1/2-1/2

[Event "Quebec-ch U14"]
[Site "Montreal CAN"]
[Date "2002.03.09"]
[Round "2"]
[White "Campbell, Martin-Alexandre"]
[Black "Lawson, Jonathan"]
[Result "0-1"]
[WhiteElo "1279"]
[BlackElo "1587"]
[PlyCount "48"]
[EventDate "2002.03.08"]
[EventType "tourn"]
[EventRounds "5"]
[EventCountry "CAN"]

1. e4 e5 2. Nf3 Nc6 3. Nc3 Bc5 4. Bc4 Nf6 5. d3 h6 6. O-O d6 7. h3 O-O 8. a3
Be6 9. Bb3 Bxb3 10. Rb1 Be6 11. b4 Bb6 12. a4 a6 13. Re1 Nh7 14. Bd2 Qf6 15. a5
Ba7 16. b5 Nd4 17. b6 Nxf3+ 18. Qxf3 Qxf3 19. gxf3 cxb6 20. axb6 Bb8 21. Kh2 f5
22. exf5 Rxf5 23. Kg3 Ng5 24. Kg2 Nxf3 0-1

[Event "Quebec-ch U14"]
[Site "Montreal CAN"]
[Date "2002.03.09"]
[Round "2"]
[White "Rodriguez, Aaron"]
[Black "Ouellet-Leveille, Clement"]
[Result "1/2-1/2"]
[WhiteElo "1550"]
[BlackElo "1877"]
[PlyCount "44"]
[EventDate "2002.03.08"]
[EventType "tourn"]
[EventRounds "5"]
[EventCountry "CAN"]

1. e4 e5 2. Nf3 Nf6 3. Nxe5 d6 4. Nf3 Nxe4 5. d4 d5 6. Bd3 Bd6 7. Nc3 Nxc3 8.
bxc3 O-O 9. O-O Bg4 10. c4 dxc4 11. Bxc4 Nd7 12. h3 Bh5 13. c3 h6 14. Be3 Qf6
15. Be2 Nb6 16. Qb3 Rac8 17. Rad1 Rfe8 18. Rfe1 c5 19. Qb5 Bxf3 20. Bxf3 a6 21.
Qd3 c4 22. Qc2 Re7 1/2-1/2

[Event "Quebec-ch U14"]
[Site "Montreal CAN"]
[Date "2002.03.09"]
[Round "3"]
[White "Lawson, Jonathan"]
[Black "Rodriguez, Aaron"]
[Result "1/2-1/2"]
[WhiteElo "1587"]
[BlackElo "1550"]
[PlyCount "42"]
[EventDate "2002.03.08"]
[EventType "tourn"]
[EventRounds "5"]
[EventCountry "CAN"]

1. e4 g6 2. d4 Bg7 3. c3 d6 4. Bd3 Nf6 5. Ne2 O-O 6. O-O e5 7. f3 Nc6 8. Bg5 h6
9. Be3 Nh5 10. Qd2 g5 11. d5 Ne7 12. g4 Nf4 13. Ng3 Neg6 14. Kf2 a6 15. a4 Bd7
16. c4 b5 17. axb5 axb5 18. Rxa8 Qxa8 19. cxb5 Rb8 20. Na3 Qb7 21. Bc4 Ne7
1/2-1/2